01481cam a22002775a 45000010009000000050017000090080041000260200018000670400038000850820023001231000029001462450098001752600043002733000035003164900033003515040051003845050425004356500053008606500040009136500052009536510010010056530025010159420008010409990017010489520138010651818243920161122121052.0140606t2014 njua frb 001 0 eng d a9781118772218 aDNLM/DLCbengcDLCdDLCdEG-ScBUE04a362.10684222bMAD1 aMadsen, Laura B.,d1973-10aData-driven healthcare :bhow analytics and BI are transforming the industry /cLaura Madsen. aHoboken :bJohn Wiley & Sons,cc.2014. axvii, 198 p. :bill. ;c24 cm.0 aWiley & SAS business series. aIncludes bibliographical references and index.0 aWhat does data mean to you? -- What happens when you use data to transform an industry? -- How the lack of data standardization impedes data driven healthcare -- Adopting your data warehouse for the next step in BI maturity -- Creating a data driven healthcare organization -- Applying 'big data' to change healthcare -- Making data consumable -- Data privacy and confidentiality : a brave new world -- A call to action. 7aHealth insurancezUnited StatesxFinance.2BUEsh 7aBusiness intelligence.2BUEsh93881 7aMedical economicszUnited States.2BUEsh929095 2BUEsh bCOMSCIcNovember2016 2ddc c23262d23234 00102ddc4070aMAINbMAINc1STd2016-11-22ePurchaseg650.00h2000088l0o362.10684 MADp000034985r2025-07-15 00:00:00v812.50yBB